Analýza citlivosti hodnôt Herfindahlovho-Hirschmanovho indexu slovenského bankového sektora

Prezentácia možností rozšírenia použitia najpoužívanejšieho špeciálneho indexu na meranie absolútnej koncentrácie v odvetví - Herfindahlovho-Hirschmanovho indexu, ktorý ako všeobecne najpoužívanejšiu mieru koncentrácie do smerníc pre posudzovanie fúzií podnikateľských subjektov zapracovali mnohé kr...

Ausführliche Beschreibung

Gespeichert in:
Bibliographische Detailangaben
1. Verfasser: Brezina, Ivan, 1963-
Weitere Verfasser: Pekár, Juraj, 1972-
Format: Buchkapitel
Sprache:Slowakisch
Schlagworte:
Tags: Tag hinzufügen
Keine Tags, Fügen Sie das erste Tag hinzu!

MARC

LEADER 00000naa a2200000 4500
001 0181616
005 20240502083427.7
041 0 |a slo 
044 |a CZ 
245 1 0 |a Analýza citlivosti hodnôt Herfindahlovho-Hirschmanovho indexu slovenského bankového sektora  |c Ivan Brezina, Juraj Pekár 
520 |a Prezentácia možností rozšírenia použitia najpoužívanejšieho špeciálneho indexu na meranie absolútnej koncentrácie v odvetví - Herfindahlovho-Hirschmanovho indexu, ktorý ako všeobecne najpoužívanejšiu mieru koncentrácie do smerníc pre posudzovanie fúzií podnikateľských subjektov zapracovali mnohé krajiny. Empirická analýza na slovenský bankový sektor. 
610 2 0 |a analýza empirická 
610 2 0 |a Slovensko 
610 2 0 |a bankovníctvo 
610 2 0 |a súťaž hospodárska 
610 2 0 |a koncentrácia 
610 2 0 |a indexy 
100 1 |a Brezina, Ivan, 1963- 
700 1 |a Pekár, Juraj, 1972-